Tratado de la previsión del papel y de la conservación de bibliotecas y archivos / (Record no. 6855)

MARC details
000 -LEADER
campo de control de longitud fija 01106nam a2200301 i 4500
001 - NÚMERO DE CONTROL
campo de control 6855
003 - IDENTIFICADOR DE NÚMERO DE CONTROL
campo de control ES-MaACL
005 - FECHA Y HORA DE LA ÚLTIMA TRANSACCIÓN
campo de control 20240203131249.0
007 - CAMPO FIJO DE DESCRIPCIÓN FÍSICA--INFORMACIÓN GENERAL
campo de control de longitud fija t|
008 - DATOS DE LONGITUD FIJA--INFORMACIÓN GENERAL
campo de control de longitud fija 900606s1973 sp a |||| | spa d
020 ## - NÚMERO INTERNACIONAL ESTÁNDAR DEL LIBRO
Número Internacional Estándar del Libro 84-369-0314-5
080 ## - NÚMERO DE LA CLASIFICACIÓN DECIMAL UNIVERSAL
Número de la Clasificación Decimal Universal 025.85
080 ## - NÚMERO DE LA CLASIFICACIÓN DECIMAL UNIVERSAL
Número de la Clasificación Decimal Universal 930.251
100 1# - ENTRADA PRINCIPAL--NOMBRE DE PERSONA
Nombre de persona Kraemer Koeller, Gustav.
9 (RLIN) 68698
245 10 - MENCIÓN DEL TÍTULO
Título Tratado de la previsión del papel y de la conservación de bibliotecas y archivos /
Mención de responsabilidad, etc. por Gustavo Kraemer Koeller.
250 ## - MENCION DE EDICION
Mención de edición 2ª ed.
260 ## - PUBLICACIÓN, DISTRIBUCIÓN, ETC.
Lugar de publicación, distribución, etc. Madrid :
Nombre del editor, distribuidor, etc. Dirección General de Archivos y Bibliotecas,
Fecha de publicación, distribución, etc. 1973.
300 ## - DESCRIPCIÓN FÍSICA
Extensión 2 v. :
Otras características físicas il. ;
Dimensiones 24 cm.
650 14 - PUNTO DE ACCESO ADICIONAL DE MATERIA--TÉRMINO DE MATERIA
Término de materia o nombre geográfico como elemento de entrada Papel-
Subdivisión general Preservación.
9 (RLIN) 161065
650 14 - PUNTO DE ACCESO ADICIONAL DE MATERIA--TÉRMINO DE MATERIA
Término de materia o nombre geográfico como elemento de entrada Bibliotecas-
Subdivisión general Medidas de seguridad.
9 (RLIN) 161067
650 14 - PUNTO DE ACCESO ADICIONAL DE MATERIA--TÉRMINO DE MATERIA
Término de materia o nombre geográfico como elemento de entrada Materiales de archivo-
Subdivisión general Preservación.
9 (RLIN) 161066
710 1# - ENTRADA AGREGADA--NOMBRE DE ENTIDAD CORPORATIVA
Nombre de entidad corporativa o nombre de jurisdicción como elemento de entrada España.
Unidad subordinada Dirección General de Archivos y Bibliotecas.
9 (RLIN) 3701
852 ## - LOCALIZACIÓN
Ubicación ES-MaACL
Número de control de estantería L-14058-59
Nota libre . - rust.
852 ## - LOCALIZACIÓN
Ubicación ES-MaACL
Número de control de estantería A-15019
itemnumber 7053
Ubicación en estantería Depósito 1
Signatura antigua Olim: 025.85 KRA tra
Designación de la unidad física Vol.1
852 ## - LOCALIZACIÓN
Ubicación ES-MaACL
Número de control de estantería A-15020
Ubicación en estantería Depósito 1
Signatura antigua Olim: 025,85 KRA tra
Designación de la unidad física Vol.2
itemnumber 201186
942 ## - ELEMENTOS DE ENTRADA SECUNDARIOS (KOHA)
Fuente del sistema de clasificación o colocación Clasificación decimal universal
Holdings
Estatus retirado Estado de pérdida Estado de daño No para préstamo Biblioteca de origen Biblioteca actual Ubicación en estantería Fecha de adquisición Total de préstamos Signatura topográfica completa Código de barras Visto por última vez Precio de reemplazo Tipo de ítem Koha Fuente de adquisición Fuente del sistema de clasificación o colocación Enumeración/cronología de publicación seriada
        Biblioteca del Ateneo de Madrid Biblioteca del Ateneo de Madrid Despachos-biblioteca 17/10/2022   025.85 KRA tra 1204330 23/02/2023 23/02/2023 Libro impreso      
        Biblioteca del Ateneo de Madrid Biblioteca del Ateneo de Madrid Depósito 2 17/01/2008   L-14058-59 1006990 23/02/2023 23/02/2023 Libro impreso      
        Biblioteca del Ateneo de Madrid Biblioteca del Ateneo de Madrid Depósito 1 17/10/2022   A-15019 1204329 23/02/2023 23/02/2023 Libro impreso   Clasificación decimal universal v.1
        Biblioteca del Ateneo de Madrid Biblioteca del Ateneo de Madrid Depósito 1 03/02/2024   A-15020 101206576 03/02/2024 03/02/2024 Libro impreso   Clasificación decimal universal v.2